| 000 | 00516nam a2200181Ia 4500 | ||
|---|---|---|---|
| 005 | 20250326141726.0 | ||
| 008 | 250326s9999 xx 000 0 und d | ||
| 037 | _aTextbook | ||
| 040 |
_aFMSL _beng _cFMSL |
||
| 041 |
_aeng _2eng |
||
| 084 |
_aX:89ZB.5 M5 _qFMSL |
||
| 100 | _aOECD | ||
| 245 | 0 |
_aSocial expenditure 1960-90 : Problems of growth and control _cOECD |
|
| 260 |
_aNew Delhi _bNew Delhi, Oxford & IBH _c1985 |
||
| 300 | _a97p | ||
| 942 |
_cTB _hX:89ZB.5 M5 |
||
| 999 |
_c1291673 _d1291673 |
||